|
|
|
|
| LEADER |
00000nam0a2200000 4500 |
| 001 |
309301 |
| 005 |
20231102002158.0 |
| 020 |
|
|
|a RU
|b 82-9575
|
| 035 |
|
|
|a (RuTPU)RU\TPU\book\334623
|
| 090 |
|
|
|a 309301
|
| 100 |
|
|
|a 20151112d1981 km y0rusy5003 ca
|
| 101 |
0 |
|
|a rus
|
| 102 |
|
|
|a RU
|
| 105 |
|
|
|a ab g 001zy
|
| 200 |
1 |
|
|a Настольная книга атеиста
|
| 205 |
|
|
|a 6-е изд., испр. и доп.
|
| 210 |
|
|
|a Москва
|c Политиздат
|d 1981
|
| 215 |
|
|
|a 448 с.
|e 4 л. схем.
|c ил.
|
| 300 |
|
|
|a Авт. указаны на обороте тит. л.
|
| 320 |
|
|
|a Библиогр. в конце ст.
|
| 606 |
1 |
|
|a Атеизм
|2 stltpush
|3 (RuTPU)RU\TPU\subj\29599
|9 52889
|
| 610 |
1 |
|
|a справочники
|
| 610 |
1 |
|
|a история
|
| 610 |
1 |
|
|a Древний мир
|
| 610 |
1 |
|
|a средние века
|
| 610 |
1 |
|
|a свободомыслие
|
| 610 |
1 |
|
|a религии
|
| 610 |
1 |
|
|a страны мира
|
| 610 |
1 |
|
|a христианство
|
| 610 |
1 |
|
|a ислам
|
| 610 |
1 |
|
|a иудаизм
|
| 610 |
1 |
|
|a буддизм
|
| 610 |
1 |
|
|a религиозная мораль
|
| 610 |
1 |
|
|a религиозные культы
|
| 610 |
1 |
|
|a религиозные книги
|
| 610 |
1 |
|
|a Библия
|
| 610 |
1 |
|
|a Коран
|
| 610 |
1 |
|
|a верующие
|
| 610 |
1 |
|
|a психология
|
| 610 |
1 |
|
|a мистика
|
| 610 |
1 |
|
|a религиозное мировоззрение
|
| 686 |
|
|
|a Э13
|2 rubbk
|
| 702 |
|
1 |
|a Анисимов
|b С. Ф.
|g Сергей Федорович
|4 070
|
| 801 |
|
0 |
|a RU
|b RuMRKP
|c 19950704
|g psbo
|
| 801 |
|
1 |
|a RU
|b 63413507
|c 20151112
|
| 801 |
|
2 |
|a RU
|b 63413507
|c 20190725
|g RCR
|
| 942 |
|
|
|c BK
|